00353nam a2200145Ia 4500008004100000020001800041041000800059082001700067100001500084245003800099260002000137300000800157365001600165700002600181230718s9999 xx 000 0 und d a9789351107200 aeng a005.678bCRA aCranton S. aApache Camel Developer's Cookbook c2014bSPD/Packt a406 cRs.b775.00 aCranton S. & Korab J.